00521nam a2200193 a 4500001001300000003000900013005001700022008004100039020000800080082001300088100001400101245008000115260004000195300000900235500003500244505001500279650001900294700001400313nice12345678IN_TiNIC20260116011445.0050524s1952 lona grp 000 0 eng  ac000a928bPOT aPottle, A aBoswell in Holland 1763-1764, Including His Correspondence With Belle De Zu aLondonbWilliam Heinemann Ltdc1952 a428p aincludes index and biblioraphy2 aill, index aBoswell, James1 aPottle, A